Countries that had Dreadnoughts during WW1 - Statistics

General Stats
  • This quiz has been taken 25 times
  • The average score is 8 of 9
Answer Stats
Hint Answer % Correct
20+ Germany
100%
7 Russia
100%
30+ United Kingdom
96%
~10 United States
96%
4 Austria-Hungary
92%
~5 France
92%
6 Italy
92%
1 Ottoman Empire
83%
~3 Japan
79%
No matching quizzes found
Score Distribution
Percent of People with Each Score
Percentile by Number Answered
Your Score History
You have not taken this quiz